El profesor mediador del aprendizaje
Guardat en:
| Autor principal: | |
|---|---|
| Format: | Llibre |
| Idioma: | espanyol |
| Publicat: |
Santiago
Arrayán
2007
|
| Edició: | 1a. ed |
| Col·lecció: | Colección Perfeccionamiento Docente
|
| Matèries: | |
| Etiquetes: |
Afegir etiqueta
Sense etiquetes, Sigues el primer a etiquetar aquest registre!
|
MARC
| LEADER | 00000nam a2200000 a 4500 | ||
|---|---|---|---|
| 001 | UCI5462 | ||
| 003 | CL-VaPUC | ||
| 008 | 080328e20070000CL |||||||||||||||||spa|d | ||
| 020 | |a 9562405664 | ||
| 082 | 0 | 4 | |a 371.1022 |b TEB |2 21 |
| 100 | 0 | |a Tébar Belmonte, Lorenzo |e author |9 527853 | |
| 245 | 1 | 3 | |a El profesor mediador del aprendizaje |
| 250 | |a 1a. ed | ||
| 300 | |a 260 p | ||
| 942 | |c BK | ||
| 945 | |d 20080328 00:00:00 |a jtorresc | ||
| 260 | |a Santiago |b Arrayán |c 2007 | ||
| 650 | 0 | |a Rol del docente |9 329733 | |
| 650 | 7 | |a MEDIADOR |2 CL-VaPUC |9 407312 | |
| 650 | 0 | |a Aprendizaje |9 254827 | |
| 650 | 0 | |a Relaciones interpersonales |9 307056 | |
| 650 | 0 | |a Psicología educacional |9 307830 | |
| 583 | |a last modification |c 20080328 00:00:00 |k Rodrigo Vera | ||
| 490 | 0 | |a Colección Perfeccionamiento Docente | |
| 999 | |c 329203 |d 329201 | ||
| 952 | |0 0 |1 0 |4 0 |6 371_102200000000000_TEB_2007 |7 0 |8 A |9 413572 |a BIBEDU |b BIBEDU |d 2019-11-22 |i 4418530 |o 371.1022 TEB 2007 |p 4418530 |r 2019-11-22 |w 2019-11-22 |y BK |k FIL | ||